|
|
|
|
| LEADER |
00820nam a2200169Ia 4500 |
| 008 |
121027s9999 xx 000 0 eng d |
| 020 |
|
|
|a 97807619498012
|
| 082 |
|
|
|a 001.42
|
| 100 |
|
|
|a Rapley,Tim
|
| 245 |
|
|
|a Doing conversation, discourse and document analysis /
|c Tim Rapley
|
| 260 |
|
|
|a Los Angels :
|b Sage,
|c 2007.
|
| 300 |
|
|
|a 141 p. ;
|c 23cm.
|
| 505 |
|
|
|a 1. Studying discourse 2 Generating an archive 3 Ethics and recording data 4 The practicalities or recording 5 Transcribing audio and vieo materials 6 Exploring conversations 7 Exploring conversations about and with documents 8 Exploring
|
| 653 |
|
|
|a Discourse analysis 2.Document analysis
|
| 942 |
|
|
|c BK
|
| 999 |
|
|
|c 56414
|d 56414
|
| 952 |
|
|
|0 0
|1 0
|2 ddc
|4 0
|6 001_420000000000000_RAP_D
|7 0
|9 56392
|a UL
|b UL
|c ST1
|d 2012-10-27
|o 001.42 RAP/D
|p 81665
|r 2012-10-27
|y BK
|